[Event "77. ljubljanska liga 2025"]
[Site "Gostovanja"]
[Date "2025.03.06"]
[Round "5.1"]
[White "Brcar, Ales"]
[Black "Justin, Matjaz"]
[Result "1-0"]
[WhiteElo "2199"]
[BlackElo "2212"]
[PlyCount "57"]
[EventDate "2025.01.16"]
[WhiteTeam "SK TREBNJE BMP"]
[BlackTeam "SD VRHNIKA"]

1. e4 c5 2. Nf3 d6 3. Bb5+ Nd7 4. c3 Ngf6 5. Qe2 a6 6. Ba4 b5 7. Bc2 e5 8. d4
Be7 9. O-O O-O 10. Rd1 Qc7 11. a4 Rb8 12. axb5 axb5 13. h3 Re8 14. Na3 b4 15.
Nc4 b3 16. Bb1 exd4 17. cxd4 d5 18. exd5 cxd4 19. Nxd4 Bb4 20. Qd3 Re4 21. Nc6
Rb5 22. Qf1 Rxd5 23. Bxe4 Qxc6 24. Bxd5 Nxd5 25. Ne3 Nxe3 26. Bxe3 Bb7 27. Rac1
Qe4 28. Qc4 Qg6 29. Qg4 1-0

[Event "77. ljubljanska liga 2025"]
[Site "Gostovanja"]
[Date "2025.03.06"]
[Round "5.1"]
[White "Siraj, Svit"]
[Black "Dimnik, Miha"]
[Result "1-0"]
[WhiteElo "2144"]
[BlackElo "1891"]
[PlyCount "123"]
[EventDate "2025.01.16"]
[WhiteTeam "SD VRHNIKA"]
[BlackTeam "SK TREBNJE BMP"]

1. e4 e5 2. Nf3 Nc6 3. Bb5 a6 4. Ba4 Nf6 5. Nc3 d6 6. O-O b5 7. Bb3 Na5 8. Bd5
c6 9. Bb3 Be7 10. d3 O-O 11. Ne2 Nxb3 12. axb3 c5 13. Ng3 Re8 14. Re1 Bf8 15.
Bg5 h6 16. Bd2 g6 17. b4 Qc7 18. Qc1 Kh7 19. Bc3 Bg7 20. bxc5 dxc5 21. b3 Bb7
22. h4 Rac8 23. h5 Ng4 24. Nh2 Nxh2 25. Kxh2 Qe7 26. Rh1 c4 27. dxc4 bxc4 28.
b4 Bxe4 29. Nxe4 Qh4+ 30. Kg1 Qxe4 31. Rxa6 Ra8 32. hxg6+ fxg6 33. Ra5 Rad8 34.
Rh3 Rd7 35. Re3 Qf4 36. Re1 Qf5 37. f4 Rde7 38. fxe5 Bxe5 39. Bxe5 Rxe5 40.
Raxe5 Rxe5 41. Rxe5 Qxe5 42. c3 h5 43. Qd2 h4 44. Kf2 Qg3+ 45. Kf1 Qg4 46. Qd4
Qf5+ 47. Kg1 Qb1+ 48. Kh2 Qe1 49. Qxc4 Qg3+ 50. Kg1 Qe1+ 51. Qf1 Qxc3 52. Qf7+
Kh6 53. Qf8+ Kg5 54. Qc5+ Qxc5+ 55. bxc5 Kf5 56. Kh2 Ke5 57. Kh3 g5 58. Kg4 Kd5
59. Kxg5 h3 60. gxh3 Kxc5 61. h4 Kd6 62. Kf6 1-0

[Event "77. ljubljanska liga 2025"]
[Site "Gostovanja"]
[Date "2025.03.06"]
[Round "5.1"]
[White "Jaksa, Cvetko"]
[Black "Siraj, Anej"]
[Result "0-1"]
[WhiteElo "1926"]
[BlackElo "2049"]
[PlyCount "84"]
[EventDate "2025.01.16"]
[WhiteTeam "SK TREBNJE BMP"]
[BlackTeam "SD VRHNIKA"]

1. b3 d5 2. e3 Nf6 3. Bb2 Bf5 4. Bxf6 exf6 5. g3 c6 6. Bg2 Nd7 7. Ne2 h5 8. h4
Bd6 9. Nbc3 Qe7 10. a4 Bc5 11. a5 Bg4 12. d4 Bb4 13. Qd3 O-O 14. O-O Rfe8 15.
Nd1 g6 16. c3 Bf5 17. Qd2 Bd6 18. Ra4 Be4 19. f3 Bf5 20. c4 b5 21. axb6 axb6
22. cxd5 cxd5 23. Qa2 Rxa4 24. bxa4 Bd3 25. Kf2 Bc4 26. Qc2 f5 27. Rg1 f4 28.
e4 fxg3+ 29. Ke1 Bb4+ 30. Kf1 Rc8 31. Bh3 Ba6 32. Qa2 Bd3 33. Ne3 Qxh4 34. Kg2
dxe4 35. f4 Rc7 36. Nxg3 Qxf4 37. Qf2 Qxf2+ 38. Kxf2 Nf6 39. Ngf1 Kf8 40. Nh2
Bc3 41. Rc1 Nd5 42. Rxc3 Nxc3 0-1

[Event "77. ljubljanska liga 2025"]
[Site "Gostovanja"]
[Date "2025.03.06"]
[Round "5.1"]
[White "Redek, Leon"]
[Black "Danicic, Anze"]
[Result "1-0"]
[WhiteElo "1696"]
[BlackElo "1847"]
[PlyCount "99"]
[EventDate "2025.01.16"]
[WhiteTeam "SD VRHNIKA"]
[BlackTeam "SK TREBNJE BMP"]

1. d4 d5 2. Nf3 Nf6 3. e3 e6 4. Bd3 c5 5. c3 Nc6 6. Nbd2 Qc7 7. O-O Be7 8. Re1
h6 9. e4 cxd4 10. cxd4 dxe4 11. Nxe4 O-O 12. Be3 Rd8 13. Rc1 Qa5 14. a3 e5 15.
Nxf6+ Bxf6 16. Rc5 Qc7 17. d5 Qd6 18. Bb1 g6 19. Qc1 Nd4 20. Nxd4 exd4 21. Bf4
Qd7 22. Bxh6 Qg4 23. Bf4 Bd7 24. Rc7 Rac8 25. d6 Re8 26. Bg3 Bg5 27. Qd1 Ba4
28. f3 Bxd1 29. Rxe8+ Rxe8 30. fxg4 Be3+ 31. Kf1 Bxg4 32. Rxb7 Rd8 33. Bd3 a5
34. Be5 Re8 35. Bf6 Be6 36. d7 Bxd7 37. Rxd7 Bc1 38. Bxd4 Bg5 39. Bc4 Rf8 40.
Bc5 Rc8 41. Bxf7+ Kh7 42. b4 Bc1 43. Bb3+ Kh6 44. Rd6 Bxa3 45. Bc2 axb4 46.
Rxg6+ Kh5 47. g4+ Kh4 48. Bf2+ Kh3 49. Bf5 Rc1+ 50. Be1 1-0

[Event "77. ljubljanska liga 2025"]
[Site "Gostovanja"]
[Date "2025.03.06"]
[Round "5.3"]
[White "Markoja Jeraj, Sebastijan"]
[Black "Bohorc, Edo"]
[Result "1-0"]
[WhiteElo "2232"]
[BlackElo "2009"]
[PlyCount "83"]
[EventDate "2025.01.16"]
[WhiteTeam "SK DOL PRI LJUBLJANI"]
[BlackTeam "SD CRNI GRABEN"]

1. e4 e6 2. d4 d5 3. Nd2 dxe4 4. Nxe4 Nd7 5. Nf3 Be7 6. Bd3 Ngf6 7. Nxf6+ Nxf6
8. Qe2 O-O 9. Bg5 h6 10. Bd2 b6 11. O-O-O Bb7 12. Kb1 c5 13. dxc5 bxc5 14. c4
Qxd3+ 15. Qxd3 Be4 16. Be3 Rfd8 17. Qxe4 Nxe4 18. Kc2 Kf8 19. Ne5 Rac8 20.
Rxd8+ Bxd8 21. f3 f6 22. Nd3 Nd6 23. Bxc5 Be7 24. b3 Kf7 25. Bxd6 Bxd6 26. h3
e5 27. Rd1 Ke6 28. Nf2 f5 29. Rd5 h5 30. Ra5 Rc7 31. Ra6 Ke7 32. Nd1 Bc5 33.
Nc3 Kf7 34. Nd5 Rb7 35. a3 e4 36. b4 Bd4 37. c5 exf3 38. gxf3 Ke8 39. Kd3 Bf2
40. Kc4 Kd8 41. b5 g5 42. Rg6 1-0

[Event "77. ljubljanska liga 2025"]
[Site "Gostovanja"]
[Date "2025.03.06"]
[Round "5.3"]
[White "Skok, Boris"]
[Black "Kosem, Rok"]
[Result "1-0"]
[WhiteElo "1934"]
[BlackElo "1759"]
[PlyCount "105"]
[EventDate "2025.01.16"]
[WhiteTeam "SD CRNI GRABEN"]
[BlackTeam "SK DOL PRI LJUBLJANI"]

1. e4 e5 2. d4 exd4 3. Qxd4 Nc6 4. Qe3 d6 5. Bd2 Be6 6. Nc3 a6 7. f4 f6 8. Nf3
Qd7 9. O-O-O O-O-O 10. Nd5 f5 11. Bc3 fxe4 12. Qxe4 Re8 13. Qa4 Nce7 14. Qxd7+
Bxd7 15. Nxe7+ Rxe7 16. Re1 Rxe1+ 17. Nxe1 Nf6 18. Bxf6 gxf6 19. Be2 h5 20. Bf3
c6 21. g3 d5 22. Ng2 Bd6 23. Re1 Kc7 24. Kd2 Bc5 25. Nh4 Rh6 26. a3 a5 27. Be2
Kd8 28. Bd3 Rh8 29. Bf5 Re8 30. Bxd7 Rxe1 31. Kxe1 Kxd7 32. Ke2 b5 33. Nf5 Bf8
34. h3 Ke6 35. Nd4+ Kd7 36. Kf3 a4 37. c3 c5 38. Nxb5 Kc6 39. c4 d4 40. Ke4 Bg7
41. Kf5 Bh8 42. g4 h4 43. Ke4 Bg7 44. g5 f5+ 45. Kd3 Bf8 46. g6 Bg7 47. Kc2 Bf6
48. b3 axb3+ 49. Kxb3 Bg7 50. a4 Bf6 51. a5 Kb7 52. Nd6+ Ka6 53. Ne8 1-0

[Event "77. ljubljanska liga 2025"]
[Site "Gostovanja"]
[Date "2025.03.06"]
[Round "5.3"]
[White "Repe, Jure"]
[Black "Osolin, Bogdan"]
[Result "0-1"]
[WhiteElo "1749"]
[BlackElo "1918"]
[PlyCount "100"]
[EventDate "2025.01.16"]
[WhiteTeam "SK DOL PRI LJUBLJANI"]
[BlackTeam "SD CRNI GRABEN"]

1. e4 Nc6 2. Nf3 d6 3. Nc3 Nf6 4. d4 Bg4 5. Bb5 a6 6. Bxc6+ bxc6 7. O-O g6 8.
h3 Bc8 9. Be3 h6 10. Qd2 g5 11. Nh2 a5 12. a4 Bg7 13. Rad1 Bd7 14. Rfe1 Qb8 15.
b3 Qb4 16. e5 Nd5 17. Nxd5 cxd5 18. Qxb4 axb4 19. exd6 cxd6 20. f3 Bf5 21. Re2
Kd7 22. g4 Bg6 23. Bf2 Rhc8 24. Rc1 Rc6 25. Kg2 Rac8 26. Be1 Bxc2 27. Bxb4 Bxd4
28. Nf1 Bxb3 29. Rxc6 Rxc6 30. a5 Bc4 31. Re1 Bxf1+ 32. Kxf1 Rc2 33. Re2 Rc1+
34. Re1 Rc4 35. Rb1 Kc6 36. Be1 Ra4 37. Rb4 Rxb4 38. Bxb4 Kb5 39. Bd2 e5 40.
Ke2 e4 41. f4 f6 42. f5 Ba7 43. Be1 d4 44. Bg3 Bc5 45. Be1 Kc4 46. Kd2 e3+ 47.
Ke2 d3+ 48. Kd1 d5 49. a6 d2 50. Bg3 Kd3 0-1

[Event "77. ljubljanska liga 2025"]
[Site "Gostovanja"]
[Date "2025.03.06"]
[Round "5.3"]
[White "Majcen, Zoran"]
[Black "Magerl, Zan"]
[Result "1-0"]
[WhiteElo "1889"]
[BlackElo "1678"]
[PlyCount "91"]
[EventDate "2025.01.16"]
[WhiteTeam "SD CRNI GRABEN"]
[BlackTeam "SK DOL PRI LJUBLJANI"]

1. d4 Nf6 2. c4 e6 3. Nf3 b6 4. g3 Bb7 5. Bg2 d5 6. cxd5 exd5 7. O-O Be7 8. Nc3
O-O 9. Bf4 Nh5 10. Be3 Nf6 11. Rc1 c6 12. Qc2 Nbd7 13. Rfd1 Bd6 14. Nh4 Ng4 15.
Bd2 g6 16. h3 Ngf6 17. Bg5 Qc7 18. Nb5 Qb8 19. Nxd6 Qxd6 20. Bf4 Qe7 21. Rd3
Rfe8 22. Re3 Qf8 23. Re1 Rxe3 24. Bxe3 Re8 25. a3 Ne4 26. Nf3 Nxg3 27. Bf4 Nf5
28. e3 f6 29. h4 Qe7 30. h5 Kg7 31. Bh3 Nd6 32. Kh2 Nf8 33. Rg1 Nf7 34. hxg6
hxg6 35. Nh4 Qe4 36. Qd1 Ng5 37. f3 Qe7 38. Bf5 Bc8 39. Bd3 Qd7 40. Rg3 Nfe6
41. Nxg6 Rh8+ 42. Nxh8 Kxh8 43. Kg2 Qg7 44. Qh1+ Kg8 45. Qh5 Kf8 46. Bd6+ 1-0

[Event "77. ljubljanska liga 2025"]
[Site "Gostovanja"]
[Date "2025.03.06"]
[Round "5.4"]
[White "Srebrnic, Vojko"]
[Black "Ivanec, Dezider"]
[Result "0-1"]
[WhiteElo "2072"]
[BlackElo "2056"]
[PlyCount "166"]
[EventDate "2025.01.16"]
[WhiteTeam "SK LJUBLJANA - TAJFUN"]
[BlackTeam "DRUSTVO KPSRD KAREL JERAJ"]

1. Nf3 Nf6 2. c4 g6 3. Nc3 Bg7 4. d4 O-O 5. Bf4 d6 6. e3 c6 7. Be2 Nbd7 8. O-O
Qc7 9. h3 e5 10. Bh2 Re8 11. c5 Bf8 12. b4 dxc5 13. dxe5 Nxe5 14. Nxe5 Bd6 15.
Nf3 Bxh2+ 16. Nxh2 cxb4 17. Na4 Ne4 18. Bd3 b5 19. Bxe4 bxa4 20. Qc2 Bb7 21.
Bf3 a3 22. Rfc1 Rac8 23. Qc5 a5 24. Ng4 Red8 25. Nf6+ Kg7 26. Ne4 Rd5 27. Qc2
c5 28. Nd2 Rxd2 29. Qxd2 Bxf3 30. gxf3 Rd8 31. Qe2 Rd5 32. f4 Rh5 33. Kg2 Qc8
34. Qg4 Qc6+ 35. Qf3 Qe6 36. Qg4 Qc6+ 37. Kf1 c4 38. f5 c3 39. Qd4+ Kh6 40. e4
gxf5 41. e5 Qh1+ 42. Ke2 Qe4+ 43. Qxe4 fxe4 44. Ke3 Rxe5 45. Rd1 f5 46. Rd6+
Kg7 47. Rg1+ Kf7 48. Kd4 Re6 49. Rd5 Kf6 50. Rxa5 f4 51. Rb5 e3 52. fxe3 fxe3
53. Rf1+ Kg6 54. Rxb4 e2 55. Re1 c2 56. Rc4 Rd6+ 57. Ke3 Rd1 58. Rxe2 c1=Q+ 59.
Rxc1 Rxc1 60. Kd4 Ra1 61. Kc3 Rb1 62. Re6+ Kg5 63. Ra6 Rh1 64. Kd4 Rxh3 65. Ke5
h5 66. Ra5 Kg4 67. Ra8 Rc3 68. Kd4 Rg3 69. Ke4 h4 70. Rg8+ Kh3 71. Rd8 Kh2 72.
Kf4 Rg2 73. Rd3 Rxa2 74. Kg4 Rg2+ 75. Kxh4 a2 76. Rd1 Rb2 77. Ra1 Kg2 78. Kg4
Kf2 79. Kf4 Ke2 80. Ke4 Kd2 81. Kd4 Rb4+ 82. Kc5 Ra4 83. Kb5 Ra8 0-1

[Event "77. ljubljanska liga 2025"]
[Site "Gostovanja"]
[Date "2025.03.06"]
[Round "5.4"]
[White "Kodela, Matjaz"]
[Black "Markus, David"]
[Result "1-0"]
[WhiteElo "1945"]
[BlackElo "1832"]
[PlyCount "75"]
[EventDate "2025.01.16"]
[WhiteTeam "DRUSTVO KPSRD KAREL JERAJ"]
[BlackTeam "SK LJUBLJANA - TAJFUN"]

1. d4 Nf6 2. Nf3 e6 3. e3 c5 4. Bd3 Nc6 5. O-O d5 6. b3 Bd6 7. Bb2 Qc7 8. a3 b6
9. Nbd2 Bb7 10. Rc1 O-O 11. c4 Qe7 12. a4 Rac8 13. Ne5 Nb4 14. Bb1 Bxe5 15.
dxe5 Ne4 16. Nxe4 dxe4 17. Bc3 Qc7 18. Qh5 h6 19. Rcd1 Rfd8 20. Qg4 Rxd1 21.
Rxd1 Rd8 22. h4 Rd7 23. Rf1 Nd3 24. Qg3 a5 25. Kh2 Qd8 26. f4 Qe7 27. h5 Rd8
28. Qg4 Bc8 29. g3 Kh7 30. Qe2 Qe8 31. Qg2 Qc6 32. g4 g5 33. fxg5 hxg5 34.
Rxf7+ Kg8 35. Rf6 Bb7 36. Qf1 Qd7 37. Rg6+ Kh7 38. Qf6 1-0

[Event "77. ljubljanska liga 2025"]
[Site "Gostovanja"]
[Date "2025.03.06"]
[Round "5.4"]
[White "Jaksa, Ema"]
[Black "Novakovic, Novica"]
[Result "1/2-1/2"]
[WhiteElo "1727"]
[BlackElo "1765"]
[PlyCount "67"]
[EventDate "2025.01.16"]
[WhiteTeam "SK LJUBLJANA - TAJFUN"]
[BlackTeam "DRUSTVO KPSRD KAREL JERAJ"]

1. e4 c6 2. Nf3 d5 3. d3 Bg4 4. Qe2 e6 5. h3 Bh5 6. g4 Bg6 7. h4 h6 8. h5 Bh7
9. g5 dxe4 10. dxe4 hxg5 11. Nxg5 Be7 12. Nxh7 Rxh7 13. Nc3 Nd7 14. Bd2 Ngf6
15. Bg2 Qc7 16. O-O-O O-O-O 17. f4 Nb6 18. e5 Nfd5 19. Be4 Rh6 20. Nxd5 Nxd5
21. Rdg1 Rg8 22. Rh3 Qb6 23. Rhg3 Bb4 24. Bxd5 Bxd2+ 25. Qxd2 exd5 26. Qc3 Kd7
27. Rxg7 Qxg1+ 28. Rxg1 Rxg1+ 29. Kd2 Rxh5 30. Qc5 Rg3 31. Qd6+ Ke8 32. Qb8+
Ke7 33. Qd6+ Ke8 34. Qb8+ 1/2-1/2

[Event "77. ljubljanska liga 2025"]
[Site "Gostovanja"]
[Date "2025.03.06"]
[Round "5.4"]
[White "Vertacnik, Viktor"]
[Black "Tomazin Kosorok, Tadej"]
[Result "0-1"]
[WhiteElo "1723"]
[BlackElo "1642"]
[PlyCount "142"]
[EventDate "2025.01.16"]
[WhiteTeam "DRUSTVO KPSRD KAREL JERAJ"]
[BlackTeam "SK LJUBLJANA - TAJFUN"]

1. e4 e5 2. Nf3 Nc6 3. Bc4 Nf6 4. d3 Be7 5. c3 d6 6. Nbd2 O-O 7. Nf1 a6 8. Ng3
Na5 9. Bb3 Nxb3 10. Qxb3 b5 11. O-O Be6 12. Qd1 h6 13. a4 Qd7 14. h3 Nh7 15.
Be3 f5 16. exf5 Bxf5 17. Nxf5 Qxf5 18. axb5 axb5 19. Qe2 c6 20. b4 Ng5 21. Nxg5
Bxg5 22. Bxg5 Qxg5 23. Ra2 Rxa2 24. Qxa2+ Kh8 25. Qe2 Ra8 26. Qb2 Qf5 27. Rd1
d5 28. Kf1 e4 29. dxe4 Qxe4 30. Qe2 Qg6 31. Qd3 Qxd3+ 32. Rxd3 Ra2 33. Ke1 Rc2
34. Rf3 Kh7 35. Kd1 Ra2 36. Kc1 Kg6 37. Rg3+ Kf6 38. Rf3+ Ke6 39. Kb1 Re2 40.
Re3+ Rxe3 41. fxe3 Kf5 42. Kc2 Kg5 43. Kd2 Kh4 44. Ke2 Kg3 45. Kf1 g5 46. Kg1
g4 47. hxg4 Kxg4 48. Kf2 h5 49. g3 Kf5 50. Kf3 Ke5 51. Kf2 Kd6 52. Kf3 c5 53.
Kf4 cxb4 54. cxb4 Ke6 55. Kg5 Ke5 56. Kxh5 Ke4 57. g4 Kxe3 58. g5 d4 59. g6 d3
60. g7 d2 61. g8=Q d1=Q+ 62. Qg4 Qxg4+ 63. Kxg4 Kd4 64. Kf3 Kc4 65. Ke2 Kxb4
66. Kd2 Ka3 67. Kc2 b4 68. Kb1 Kb3 69. Ka1 Kc2 70. Ka2 b3+ 71. Ka1 b2+ 0-1

[Event "77. ljubljanska liga 2025"]
[Site "Gostovanja"]
[Date "2025.03.06"]
[Round "5.5"]
[White "Lucovnik, Tilen"]
[Black "Veskovic, Dzemal"]
[Result "0-1"]
[WhiteElo "2175"]
[BlackElo "1876"]
[PlyCount "74"]
[EventDate "2025.01.16"]
[WhiteTeam "SK KOMENDA POPOTNIK"]
[BlackTeam "SD MENGES - TRZIN"]

1. e4 e6 2. d4 d6 3. Nf3 Be7 4. Bd3 Nd7 5. O-O c6 6. Bf4 h5 7. Nbd2 g5 8. Be3
g4 9. Ne1 e5 10. c3 Bg5 11. Nc4 Be7 12. Bc2 b5 13. Nd2 Bg5 14. Qe2 a5 15. Bd3
Qf6 16. a4 bxa4 17. Rxa4 Ne7 18. Nc4 Ng6 19. Bxg5 Qxg5 20. Nxd6+ Kf8 21. Nxc8
Rxc8 22. Rxa5 Nf4 23. Qe3 h4 24. dxe5 Qh6 25. Ra7 Rd8 26. e6 fxe6 27. Bc4 Rh7
28. Nd3 Nxd3 29. Qxd3 Re7 30. Rd1 Kf7 31. Qd6 g3 32. fxg3 Qe3+ 33. Kh1 Qxa7 34.
Bxe6+ Rxe6 35. Rf1+ Rf6 36. Rxf6+ Nxf6 37. Qxd8 Qa1+ 0-1

[Event "77. ljubljanska liga 2025"]
[Site "Gostovanja"]
[Date "2025.03.06"]
[Round "5.5"]
[White "Sedlar, Tomo"]
[Black "Zidar, Jernej"]
[Result "0-1"]
[WhiteElo "1888"]
[BlackElo "2091"]
[PlyCount "76"]
[EventDate "2025.01.16"]
[WhiteTeam "SD MENGES - TRZIN"]
[BlackTeam "SK KOMENDA POPOTNIK"]

1. d4 Nf6 2. c4 d5 3. Nc3 c6 4. Bf4 e6 5. e3 Be7 6. Nf3 O-O 7. Be2 dxc4 8. Bxc4
b5 9. Bd3 Nbd7 10. O-O a6 11. Ne4 Nxe4 12. Bxe4 Bb7 13. Rc1 Rc8 14. Ne5 Nxe5
15. Bxe5 f6 16. Qh5 f5 17. Bc2 c5 18. Bb3 c4 19. Bd1 b4 20. Bf3 Bd5 21. Bxd5
Qxd5 22. Rc2 Bf6 23. Bxf6 Rxf6 24. Qe2 f4 25. f3 Rf7 26. Rd1 fxe3 27. Qxe3 a5
28. Re2 Rc6 29. Qd2 c3 30. bxc3 bxc3 31. Qd3 Rfc7 32. Rc2 Rc4 33. Qe4 Qd7 34.
Kf2 R7c6 35. Ke3 e5 36. Qg4 exd4+ 37. Rxd4 Rxd4 38. Qxd4 Re6+ 0-1

[Event "77. ljubljanska liga 2025"]
[Site "Gostovanja"]
[Date "2025.03.06"]
[Round "5.5"]
[White "Juhant, Igor"]
[Black "Simicak, Metod"]
[Result "1/2-1/2"]
[WhiteElo "1970"]
[BlackElo "1859"]
[PlyCount "66"]
[EventDate "2025.01.16"]
[WhiteTeam "SK KOMENDA POPOTNIK"]
[BlackTeam "SD MENGES - TRZIN"]

1. e4 e5 2. Nc3 Nf6 3. f4 d5 4. fxe5 Nxe4 5. Nf3 Bg4 6. d3 Nxc3 7. bxc3 c5 8.
d4 Qa5 9. Bd2 cxd4 10. cxd4 Bb4 11. a3 Bc3 12. Rb1 Nc6 13. Bb5 O-O 14. Bxc6
bxc6 15. Rb3 Bxd2+ 16. Qxd2 Qxd2+ 17. Kxd2 f6 18. exf6 Rxf6 19. Ne5 Rf2+ 20.
Kc1 Rxg2 21. Rg3 Rxg3 22. hxg3 h5 23. Nxc6 Bf3 24. Rf1 Be4 25. Kd2 Kh7 26. c3
a5 27. Rf7 Ra6 28. Rc7 a4 29. Ne5 Rb6 30. Ra7 Rb2+ 31. Ke3 Rg2 32. Kf4 Rf2+ 33.
Ke3 Rg2 1/2-1/2

[Event "77. ljubljanska liga 2025"]
[Site "Gostovanja"]
[Date "2025.03.06"]
[Round "5.6"]
[White "Plaskan, Jure"]
[Black "Stanic, Simon"]
[Result "1-0"]
[WhiteElo "2217"]
[BlackElo "1973"]
[PlyCount "55"]
[EventDate "2025.01.16"]
[WhiteTeam "SD DOMZALE"]
[BlackTeam "SK LOSKA DOLINA"]

1. e4 e5 2. Nf3 Nc6 3. Bb5 Nf6 4. d3 d6 5. c3 Be7 6. O-O O-O 7. h3 Bd7 8. Nbd2
Re8 9. Re1 Bf8 10. Nf1 Na5 11. Bxd7 Qxd7 12. Bg5 Be7 13. Ne3 g6 14. d4 exd4 15.
cxd4 Nc6 16. e5 Nh5 17. Bxe7 Nxe7 18. Qb3 d5 19. Ng4 Kg7 20. Nf6 Nxf6 21. exf6+
Kxf6 22. Ne5 Qd6 23. Qf3+ Kg7 24. Qxf7+ Kh8 25. Qxe8+ Rxe8 26. Nf7+ Kg7 27.
Nxd6 cxd6 28. Re6 1-0

[Event "77. ljubljanska liga 2025"]
[Site "Gostovanja"]
[Date "2025.03.06"]
[Round "5.6"]
[White "Mulec, Dejan"]
[Black "Debevec, Blaz"]
[Result "0-1"]
[WhiteElo "1705"]
[BlackElo "2136"]
[PlyCount "59"]
[EventDate "2025.01.16"]
[WhiteTeam "SK LOSKA DOLINA"]
[BlackTeam "SD DOMZALE"]

1. d4 Nf6 2. c4 c5 3. d5 b5 4. cxb5 a6 5. b6 Qxb6 6. Nc3 d6 7. e4 g6 8. Nf3 Bg7
9. Be2 O-O 10. O-O Bg4 11. Nd2 Bxe2 12. Qxe2 Nbd7 13. Nc4 Qc7 14. f4 Nb6 15.
Nxb6 Qxb6 16. Rb1 Nd7 17. Bd2 Rab8 18. Kh1 Rb7 19. Rf3 Rfb8 20. Re3 Qc7 21. Be1
Rb4 22. a3 Rb3 23. Na4 Qb7 24. Rxb3 Qxb3 25. Qxa6 Qc2 26. Ra1 Rxb2 27. Nxb2
Bxb2 28. Qc8+ Nf8 29. h3 Bxa1 30. e5 0-1

[Event "77. ljubljanska liga 2025"]
[Site "Gostovanja"]
[Date "2025.03.06"]
[Round "5.6"]
[White "Skok, Joze"]
[Black "Soba, Franc"]
[Result "1-0"]
[WhiteElo "1947"]
[BlackElo "1495"]
[PlyCount "91"]
[EventDate "2025.01.16"]
[WhiteTeam "SD DOMZALE"]
[BlackTeam "SK LOSKA DOLINA"]

1. e4 c6 2. d4 d5 3. exd5 cxd5 4. c4 e6 5. Nc3 Nc6 6. Nf3 Nf6 7. Bd3 Be7 8. O-O
O-O 9. a3 Na5 10. c5 b6 11. b4 Nc6 12. Qa4 Bd7 13. b5 Na5 14. c6 Be8 15. Ne5
Qc7 16. Qc2 Nc4 17. Nxc4 dxc4 18. Bxc4 Bd6 19. h3 Bf4 20. a4 a5 21. Be3 Rd8 22.
Rad1 Nd5 23. Bxd5 exd5 24. Qf5 Bxe3 25. fxe3 Qd6 26. Qe5 f6 27. Qxd6 Rxd6 28.
e4 Bf7 29. exd5 Bxd5 30. Nxd5 Rxd5 31. Rd3 Rc8 32. Kf2 Rc7 33. Ke3 f5 34. Kd2
Kf7 35. Kc3 Ke6 36. Re1+ Kf7 37. Kc4 Rd6 38. d5 g6 39. Rde3 Rdd7 40. Re6 Re7
41. R1e5 f4 42. Kd4 Rxe6 43. Rxe6 Re7 44. Ke5 Rxe6+ 45. dxe6+ Ke7 46. c7 1-0

[Event "77. ljubljanska liga 2025"]
[Site "Gostovanja"]
[Date "2025.03.06"]
[Round "5.7"]
[White "Macek, Inti"]
[Black "Sajovic, Marko"]
[Result "0-1"]
[WhiteElo "1697"]
[BlackElo "2054"]
[PlyCount "66"]
[EventDate "2025.01.16"]
[WhiteTeam "SK KOMENDA POGI"]
[BlackTeam "SK MEDVODE"]

1. d4 d5 2. Nf3 Nf6 3. c4 e6 4. Nc3 c5 5. e3 a6 6. cxd5 exd5 7. b3 Nc6 8. Bb2
Bf5 9. Be2 Rc8 10. O-O Be7 11. dxc5 Bxc5 12. Rc1 Ba7 13. h3 O-O 14. Bd3 Bxd3
15. Qxd3 d4 16. exd4 Nxd4 17. Rfd1 Ne6 18. Ne4 Nxe4 19. Qxe4 Rxc1 20. Rxc1 Qb6
21. Rc2 Rd8 22. Be5 h6 23. Nh4 Ng5 24. Qf4 Qe6 25. Nf5 Rd5 26. Re2 f6 27. Qg4
Rxe5 28. Rxe5 Qxe5 29. h4 Qe1+ 30. Kh2 Bb8+ 31. f4 h5 32. Nh6+ Kh7 33. hxg5
hxg4 0-1

[Event "77. ljubljanska liga 2025"]
[Site "Gostovanja"]
[Date "2025.03.06"]
[Round "5.7"]
[White "Porenta, Matija"]
[Black "Poglajen, Franc"]
[Result "0-1"]
[WhiteElo "1841"]
[BlackElo "1826"]
[PlyCount "84"]
[EventDate "2025.01.16"]
[WhiteTeam "SK MEDVODE"]
[BlackTeam "SK KOMENDA POGI"]

1. e4 e5 2. Nf3 Nc6 3. Bb5 a6 4. Ba4 Bc5 5. c3 b5 6. Bc2 d6 7. h3 h6 8. d3 Nge7
9. Nbd2 O-O 10. Nf1 f5 11. Be3 Ba7 12. Bxa7 Rxa7 13. a4 b4 14. Ne3 fxe4 15.
dxe4 bxc3 16. bxc3 Be6 17. Bb3 Qd7 18. Nh4 Rb7 19. Bxe6+ Qxe6 20. Nd5 Qf7 21.
O-O Nxd5 22. exd5 Ne7 23. c4 Rb4 24. Qd3 Qf4 25. Ng6 Nxg6 26. Qxg6 Rxc4 27.
Qe6+ Kh7 28. Ra3 Rf6 29. Qe7 Rc1 30. Rf3 Rxf1+ 31. Kxf1 Qc4+ 32. Kg1 Rxf3 33.
gxf3 Qc1+ 34. Kh2 Qf4+ 35. Kg2 Qg5+ 36. Qxg5 hxg5 37. Kf1 Kg6 38. Ke2 Kf5 39.
Ke3 a5 40. f4 gxf4+ 41. Kd3 e4+ 42. Kd4 g5 0-1

[Event "77. ljubljanska liga 2025"]
[Site "Gostovanja"]
[Date "2025.03.06"]
[Round "5.7"]
[White "Hribar, Izak"]
[Black "Jese, Janez"]
[Result "1-0"]
[WhiteElo "1761"]
[BlackElo "1798"]
[PlyCount "87"]
[EventDate "2025.01.16"]
[WhiteTeam "SK KOMENDA POGI"]
[BlackTeam "SK MEDVODE"]

1. e4 e5 2. Nf3 Nc6 3. d4 exd4 4. Nxd4 Bc5 5. Be3 Bxd4 6. Bxd4 Nf6 7. Nc3 d6 8.
Bb5 Bd7 9. Bxc6 Bxc6 10. Qf3 O-O 11. Bxf6 Qxf6 12. Qxf6 gxf6 13. f3 Rfe8 14.
O-O Kg7 15. Nd5 Bxd5 16. exd5 Re2 17. Rf2 Rae8 18. Kf1 Rxf2+ 19. Kxf2 f5 20. g3
Kg6 21. Rd1 b6 22. Rd3 a5 23. Re3 Re5 24. c4 Kf6 25. f4 Rxe3 26. Kxe3 Ke7 27.
a3 f6 28. b4 axb4 29. axb4 Ke8 30. Kd3 Kd8 31. Kc3 Kc8 32. Kd4 Kd7 33. h3 h5
34. Kc3 Kc8 35. Kb3 Kb7 36. Ka4 Ka6 37. h4 Ka7 38. Kb5 Kb7 39. c5 bxc5 40. bxc5
dxc5 41. Kxc5 Kc8 42. Kc6 Kd8 43. d6 Kc8 44. Kd5 1-0

[Event "77. ljubljanska liga 2025"]
[Site "Gostovanja"]
[Date "2025.03.06"]
[Round "5.7"]
[White "Krupenko, Andrej"]
[Black "Perme, Stanko"]
[Result "1/2-1/2"]
[WhiteElo "1544"]
[BlackElo "1488"]
[PlyCount "45"]
[EventDate "2025.01.16"]
[WhiteTeam "SK MEDVODE"]
[BlackTeam "SK KOMENDA POGI"]

1. d4 d5 2. c4 e6 3. Nc3 c5 4. cxd5 exd5 5. Nf3 Nf6 6. Bg5 Bf5 7. dxc5 Qa5 8.
Bxf6 gxf6 9. Qxd5 Bc8 10. Qe4+ Be7 11. b4 Qc7 12. Nd5 Qd8 13. Nxf6+ Kf8 14. Rd1
Qc7 15. Nd5 Qd7 16. Nb6 Qb5 17. Nxa8 Bf6 18. Ne5 Bxe5 19. Qxe5 Qxb4+ 20. Rd2
Qb1+ 21. Rd1 Qb4+ 22. Rd2 Qb1+ 23. Rd1 1/2-1/2

[Event "77. ljubljanska liga 2025"]
[Site "Gostovanja"]
[Date "2025.03.06"]
[Round "5.8"]
[White "Trebeznik, Luka"]
[Black "Baric, Dusan"]
[Result "1-0"]
[WhiteElo "1983"]
[BlackElo "1954"]
[PlyCount "77"]
[EventDate "2025.01.16"]
[WhiteTeam "SK RUDAR TRBOVLJE"]
[BlackTeam "SK VISNJA GORA - STICNA"]

1. d4 Nf6 2. Nf3 g6 3. c4 Bg7 4. g3 c5 5. Bg2 cxd4 6. Nxd4 O-O 7. O-O Nc6 8.
Nc3 Ng4 9. e3 Nge5 10. b3 d6 11. Nxc6 Nxc6 12. Bb2 Bd7 13. Qd2 Re8 14. Nd5 Ne5
15. f4 Ng4 16. Bxg7 Kxg7 17. Qc3+ Kg8 18. h3 Nh6 19. e4 Bc6 20. g4 Bxd5 21.
exd5 f6 22. Rae1 Nf7 23. h4 Rc8 24. Be4 Qd7 25. Qg3 b5 26. Bd3 bxc4 27. bxc4
Qa4 28. Re2 Qa3 29. Qf3 Kg7 30. Kg2 Rc7 31. h5 Nh8 32. Qe4 Rg8 33. g5 f5 34.
h6+ Kf8 35. Qd4 Qc5 36. Qb2 Nf7 37. Rfe1 Nd8 38. Rxe7 Rxe7 39. Qf6+ 1-0

[Event "77. ljubljanska liga 2025"]
[Site "Gostovanja"]
[Date "2025.03.06"]
[Round "5.8"]
[White "Pisek, Igor"]
[Black "Jazbec, Hinko"]
[Result "1-0"]
[WhiteElo "1808"]
[BlackElo "1957"]
[PlyCount "25"]
[EventDate "2025.01.16"]
[WhiteTeam "SK VISNJA GORA - STICNA"]
[BlackTeam "SK RUDAR TRBOVLJE"]

1. e4 e5 2. Nf3 d6 3. c3 Nf6 4. d3 Be7 5. Bg5 O-O 6. Be2 Nbd7 7. Rg1 Nc5 8. b4
Ne6 9. Be3 c6 10. h3 a5 11. Nbd2 axb4 12. cxb4 b5 13. a3 {nejasno (31)} 1-0